Szczegóły MARC21

University calculus : alternate edition

005 -DATA I CZAS OSTATNIEJ MODYFIKACJI [,]
    • @
    • pole kontrolne
    • 20070919130714.0
020 -Międzynarod. znormalizowany nr książki - ISBN [ , ]
    • a
    • Numer ISBN
    • 9780321500977 Find
040 -Instytucja sporządzająca opis [ , ]
    • a
    • Instytucja, która sporządziła opis (NP)
    • SZCZ U/ET
    • c
    • Instytucja, która sporządziła rekord (NP)
    • SZCZ U/ET
    • d
    • Instytucja, która zmodyfikowała rekord (P)
    • SZCZ U/JŚ
041 -Język dokumentu [0, ]
    • a
    • Język tekstu (P)
    • angielski
044 -Kraj miejsca wydania [ , ]
    • a
    • Kraj miejsca wydania
    • USA
942 -Rodzaj dokumentu [ , ]
    • c
    • Rodzaj dokumentu
    • Książka
100 -Hasło główne - nazwa osobowa [1, ]
    • a
    • Nazwa osobowa (NP)
    • Hass, Joel
245 -Strefa tytułu i oznaczenia odpowiedzialności [1,0]
    • a
    • Tytuł
    • University calculus : Find
    • b
    • Ciąg dalszy tytułu (NP)
    • alternate edition Find
    • c
    • Pozostałe elementy strefy tytułu i oznaczenia odpowiedzialności (NP)
    • Joel Hass, Maurice D. Weir, George B. Thomas, Jr.
260 -Strefa adresu wydawniczego [ , ]
    • a
    • Miejsce wydania (P)
    • Boston :
    • b
    • Nazwa wydawcy (P)
    • Pearson Addison Wesley,
    • c
    • Data wydania (P)
    • 2008. -
300 -Strefa opisu fizycznego [ , ]
    • a
    • Określenie formy książki i/lub objętość (NP)
    • XIV, 922s., [62] k. :
    • b
    • Oznaczenie ilustracji (NP)
    • il. ;
    • c
    • Format (NP)
    • 25 cm.
440 -Strefa serii i książki wielotomowej - forma do wyszukiwania [ ,0]
    • a
    • Tytuł (NP)
    • Pearson International Edition Find
500 -Uwaga ogólna [ , ]
    • a
    • Uwaga ogólna (NP)
    • Ind.
080 -Uniwersalna Klasyfikacja Dziesiętna [ , ]
    • 2
    • Identyfikator wydania tablic
    • UDC-P058
    • a
    • Symbol klasyfikacji
    • 517
    • b
    • Dopowiedzenie
    • Analiza matematyczna. Matematyczna teoria kontroli.
    • x
    • Poddział wspólny
    • (075.8)
    • b
    • Dopowiedzenie
    • (Podręczniki dla szkół wyższych. Skrypty).
    • x
    • Poddział wspólny
    • =111
    • b
    • Dopowiedzenie
    • =język angielski
980 -Symbol UKD [ , ]
    • a
    • UKD
    • 517(075.8)=111
700 -Hasło dodatkowe - nazwa osobowa [1, ]
    • a
    • Nazwa osobowa (NP)
    • Weir, Maurice D. Find
700 -Hasło dodatkowe - nazwa osobowa [1, ]
    • a
    • Nazwa osobowa (NP)
    • Thomas, George B. Find
    • d
    • Daty biograficzne (NP)
    • (1914-).
920 -ISBN [ , ]
    • a
    • ISBN
    • 978-0-321-50097-7 Find
Status udost. Numer inwentarzowy Lokalizacja Data inwentaryzacji
-2T.9643T2007-09-12